[Event "2. Solinger Karnevalsopen"]
[Site "Solingen"]
[Date "2011.03.05"]
[Round "3.13"]
[White "Dreier, Stefan"]
[Black "Goldenstein, Arnd"]
[Result "0-1"]
[WhiteElo "1898"]
[BlackElo "2064"]
[PlyCount "84"]
[EventDate "2011.??.??"]

1. e4 e5 2. Nf3 Nc6 3. Bc4 Nf6 4. Ng5 d5 5. exd5 Na5 6. Bb5+ c6 7. dxc6 bxc6 8.
Be2 h6 9. Nf3 e4 10. Ne5 Bd6 11. d4 exd3 12. Nxd3 Qc7 13. Nc3 Nc4 14. h3 O-O
15. O-O Rb8 16. b3 Qa5 17. bxc4 Qxc3 18. Bb2 Rxb2 19. Nxb2 Qe5 20. g3 Bc5 21.
Kg2 Qxb2 22. Qd3 g6 23. Qb3 Qe5 24. Bf3 Qf5 25. Rh1 Rd8 26. g4 Qf4 27. Rad1 Rd2
28. Rxd2 Qxd2 29. Rf1 Qf4 30. Rd1 Bd6 31. Bxc6 Qh2+ 32. Kf1 Be6 33. Bd5 Bxd5
34. cxd5 Ne4 35. Qf3 Ng5 36. Qg2 Qf4 37. Re1 Nf3 38. Re3 Qc4+ 39. Rd3 Ne5 40.
Qg3 Nxd3 41. Qxd6 Nf4+ 42. Kg1 Qe4 0-1

[Event "2. Solinger Karnevalsopen"]
[Site "Solingen"]
[Date "2011.03.05"]
[Round "3.14"]
[White "Schmidt, Kai-Uwe"]
[Black "Duexmann, Marcel"]
[Result "1-0"]
[WhiteElo "2055"]
[BlackElo "1658"]
[PlyCount "33"]
[EventDate "2011.??.??"]

1. d4 Nf6 2. c4 e6 3. g3 c5 4. d5 d6 5. Nc3 e5 6. Bg2 Na6 7. e4 Nc7 8. f4 a6 9.
fxe5 dxe5 10. Qd3 Bd6 11. Nf3 Rb8 12. a4 b6 13. O-O O-O 14. Nh4 Bd7 15. Bg5
Nce8 16. Nf5 Qc7 17. Qf3 1-0

[Event "2. Solinger Karnevalsopen"]
[Site "Solingen"]
[Date "2011.03.05"]
[Round "3.15"]
[White "Kuhn, Juergen"]
[Black "Thumm, Felix"]
[Result "1-0"]
[WhiteElo "2059"]
[BlackElo "1770"]
[PlyCount "81"]
[EventDate "2011.??.??"]

1. Nf3 e6 2. b3 d5 3. Bb2 c5 4. e3 Bd7 5. d4 Nf6 6. Bd3 Nc6 7. O-O Be7 8. Nbd2
Rc8 9. Be2 Qc7 10. Ne5 Bd6 11. f4 Ne7 12. Bd3 Qb6 13. c3 Nc6 14. Kh1 Ne7 15.
Rf3 Ng6 16. Qe1 Be7 17. Rh3 Nf8 18. Ndf3 c4 19. Bc2 cxb3 20. axb3 Bd6 21. Ng5
Bxe5 22. fxe5 Ne4 23. Bxe4 dxe4 24. Nxe4 Rc6 25. Nd6+ Rxd6 26. exd6 Qxb3 27.
Rxa7 Bc6 28. Ba3 Qc2 29. Rg3 g6 30. Bc5 Kd7 31. Ra1 h5 32. c4 Kc8 33. Qa5 Nh7
34. Qa8+ Kd7 35. Qxh8 h4 36. Qxh7 Qf5 37. Qxh4 g5 38. Qxg5 Bxg2+ 39. Rxg2 Qxg5
40. Rxg5 b6 41. Ra7+ 1-0

[Event "2. Solinger Karnevalsopen"]
[Site "Solingen"]
[Date "2011.03.05"]
[Round "3.16"]
[White "Zimmermann, Ulrich"]
[Black "Jaskolka, Klaus"]
[Result "1-0"]
[WhiteElo "2047"]
[BlackElo "1671"]
[PlyCount "65"]
[EventDate "2011.??.??"]

1. d4 d5 2. c4 e6 3. Nc3 Nf6 4. cxd5 exd5 5. Bg5 Be7 6. e3 O-O 7. Bd3 c6 8. Qc2
h6 9. Bf4 Nbd7 10. Nge2 Nh5 11. O-O-O Nxf4 12. Nxf4 Nf6 13. f3 c5 14. g4 c4 15.
Bf5 b5 16. Nxb5 Bxf5 17. gxf5 Qa5 18. Nc3 Bd6 19. Nfe2 Rfe8 20. e4 dxe4 21.
fxe4 Ng4 22. Rhg1 Ne3 23. Qd2 Nxd1 24. Qxh6 Bf8 25. Nd5 Qxd5 26. exd5 Rxe2 27.
f6 g6 28. Rxg6+ fxg6 29. Qxg6+ Kh8 30. Qh5+ Kg8 31. Qxe2 Nxb2 32. Kxb2 Rc8 33.
Qe6+ 1-0

[Event "2. Solinger Karnevalsopen"]
[Site "Solingen"]
[Date "2011.03.05"]
[Round "3.17"]
[White "Rohovoj, Dimitrij"]
[Black "Poghoshyan, Tigran"]
[Result "0-1"]
[WhiteElo "2041"]
[BlackElo "1669"]
[PlyCount "114"]
[EventDate "2011.??.??"]

1. d4 Nf6 2. c4 g6 3. Nc3 d5 4. Nf3 Bg7 5. Bg5 Ne4 6. Bf4 Nxc3 7. bxc3 O-O 8.
e3 c5 9. Be2 Nc6 10. O-O Bf5 11. h3 h6 12. a3 Re8 13. g4 Be6 14. cxd5 Bxd5 15.
Qd2 Bxf3 16. Bxf3 e5 17. Bg3 exd4 18. exd4 cxd4 19. Bxc6 bxc6 20. cxd4 Qxd4 21.
Qc2 Rac8 22. Rad1 Qe4 23. Qc5 a6 24. Rd7 Rcd8 25. Rc7 Re6 26. Qa7 Qf3 27. Qxa6
c5 28. Qb7 Re3 29. Rxf7 Qxb7 30. Rxb7 Rxa3 31. Rc7 Bd4 32. Re1 Rxg3+ 33. Kh2
Rf3 34. Re6 Rf6 35. Ree7 Rxf2+ 36. Kg3 Rdf8 37. Re6 R8f3+ 38. Kh4 Bf6+ 39. g5
Bxg5+ 40. Kg4 Rf6 41. Re8+ Rf8 42. Rxf8+ Rxf8 43. Rxc5 Kf7 44. h4 Be7 45. Rc6
h5+ 46. Kh3 Rd8 47. Rc4 Rd3+ 48. Kg2 Kf6 49. Ra4 Ra3 50. Re4 Ra2+ 51. Kf3 Bd6
52. Rd4 Ke5 53. Re4+ Kf5 54. Rc4 Rh2 55. Ra4 Be7 56. Rf4+ Ke6 57. Re4+ Kf7 0-1

[Event "2. Solinger Karnevalsopen"]
[Site "Solingen"]
[Date "2011.03.05"]
[Round "3.18"]
[White "Moeller, Jeremy"]
[Black "Stahnecker, Ludwig"]
[Result "0-1"]
[WhiteElo "1850"]
[BlackElo "2024"]
[PlyCount "48"]
[EventDate "2011.??.??"]

1. e4 c5 2. Nf3 e6 3. d4 cxd4 4. Nxd4 a6 5. a4 Nf6 6. Nc3 Qc7 7. Be2 Nc6 8. Be3
Be7 9. O-O O-O 10. f4 d6 11. Nb3 b6 12. g4 Bb7 13. g5 Nd7 14. Rf3 Nc5 15. Rh3
Rfd8 16. Bc4 g6 17. Nxc5 dxc5 18. Qe1 Nd4 19. Qh4 h5 20. Rf1 Qc6 21. Qf2 b5 22.
Bd3 c4 23. Bxd4 Rxd4 24. Ne2 Rd7 0-1

[Event "2. Solinger Karnevalsopen"]
[Site "Solingen"]
[Date "2011.03.05"]
[Round "3.19"]
[White "Imcke, Patrick"]
[Black "Metzing, Joachim"]
[Result "1/2-1/2"]
[WhiteElo "1796"]
[BlackElo "2005"]
[PlyCount "85"]
[EventDate "2011.??.??"]

1. e4 Nf6 2. e5 Nd5 3. d4 Nb6 4. c4 d6 5. f4 dxe5 6. fxe5 Nc6 7. Be3 Bf5 8. Nf3
e6 9. Nc3 Bg4 10. Be2 Bxf3 11. gxf3 Qh4+ 12. Bf2 Qf4 13. Qc1 Qf5 14. Qb1 Qxb1+
15. Rxb1 O-O-O 16. Rd1 Bb4 17. O-O Bxc3 18. bxc3 Na5 19. c5 Nd5 20. Rc1 Nf4 21.
Bd1 Nc4 22. Kh1 g5 23. Bc2 Nd2 24. Rfd1 Nxf3 25. Be4 g4 26. Rb1 c6 27. Bg3 Ne2
28. Bxf3 gxf3 29. Rd3 Nxg3+ 30. hxg3 Rhg8 31. Rxf3 Rg7 32. Kh2 h5 33. Rbf1 Rf8
34. Rf6 Kd7 35. Rh6 Rfg8 36. Rf3 Ke7 37. Rxh5 b6 38. cxb6 axb6 39. Rh6 Ra8 40.
Rf2 Ra3 41. Rc2 Rg8 42. Rf6 b5 43. Rcf2 1/2-1/2

[Event "2. Solinger Karnevalsopen"]
[Site "Solingen"]
[Date "2011.03.05"]
[Round "3.20"]
[White "Jakob, Matthias"]
[Black "Runte, Dirk"]
[Result "1-0"]
[WhiteElo "2003"]
[BlackElo "1582"]
[PlyCount "39"]
[EventDate "2011.??.??"]

1. e4 c5 2. Nf3 Nc6 3. d4 cxd4 4. Nxd4 Nf6 5. Nc3 e5 6. Ndb5 d6 7. Bg5 a6 8.
Na3 b5 9. Bxf6 gxf6 10. Nd5 Be6 11. c3 Bg7 12. Nc2 f5 13. exf5 Bxf5 14. Nce3
Be6 15. Bd3 Ne7 16. Be4 Rc8 17. O-O O-O 18. Nxe7+ Qxe7 19. Qh5 f5 20. Nxf5 1-0

[Event "2. Solinger Karnevalsopen"]
[Site "Solingen"]
[Date "2011.03.05"]
[Round "3.21"]
[White "Bashylin, Seva"]
[Black "Beil, Detlef"]
[Result "0-1"]
[WhiteElo "1686"]
[BlackElo "1996"]
[PlyCount "106"]
[EventDate "2011.??.??"]

1. e4 c5 2. Nc3 e6 3. g3 Nc6 4. Bg2 Nf6 5. f4 d6 6. Nf3 Be7 7. O-O a6 8. h3 Qc7
9. g4 b5 10. d3 Bb7 11. a3 Rc8 12. f5 Nd4 13. fxe6 Nxe6 14. Ne2 O-O 15. Qe1 Nd7
16. Nf4 Qd8 17. Qg3 Ng5 18. Bd2 Nxf3+ 19. Bxf3 Bg5 20. Bc3 Ne5 21. Bg2 Bh4 22.
Qe3 Bg5 23. Qg3 Qf6 24. Nd5 Qh6 25. Bxe5 dxe5 26. Qxe5 Bxd5 27. Qxd5 Rcd8 28.
Qf5 c4 29. Rad1 cxd3 30. cxd3 Be3+ 31. Kh1 Bd4 32. b3 Qe3 33. Rf3 Qe2 34. Rc1
Qd2 35. Rc7 Qe1+ 36. Rf1 Qg3 37. Rxf7 Qd6 38. a4 bxa4 39. bxa4 Bf6 40. Rxf8+
Rxf8 41. Qf3 Qe5 42. Qd1 Rb8 43. Qc2 a5 44. Qa2+ Kh8 45. Rf5 Qg3 46. Qc2 h6 47.
Rxa5 Qe1+ 48. Kh2 Qxa5 49. Kg3 Be5+ 50. Kh4 Qe1+ 51. Kh5 Kh7 52. g5 g6+ 53. Kg4
Qg3# 0-1

[Event "2. Solinger Karnevalsopen"]
[Site "Solingen"]
[Date "2011.03.05"]
[Round "3.22"]
[White "Bondarchuk, Vadim"]
[Black "Zolfagharian, Kevin"]
[Result "1-0"]
[WhiteElo "1995"]
[BlackElo "1626"]
[PlyCount "92"]
[EventDate "2011.??.??"]

1. e4 c5 2. Nf3 Nc6 3. d4 cxd4 4. Nxd4 Nf6 5. Nc3 d6 6. f3 e6 7. Be3 a6 8. Qd2
Be7 9. O-O-O O-O 10. g4 Nxd4 11. Bxd4 b5 12. h4 b4 13. Ne2 e5 14. Be3 a5 15.
Ng3 Be6 16. Kb1 a4 17. g5 Nd7 18. Nf5 b3 19. cxb3 axb3 20. Nxe7+ Qxe7 21. a3 d5
22. exd5 Bf5+ 23. Bd3 e4 24. fxe4 Bxe4 25. Bxe4 Qxe4+ 26. Qd3 Rfe8 27. Bd4 Ra4
28. Bc3 Qxd3+ 29. Rxd3 Nc5 30. Rdd1 Ne4 31. Bb4 Rd8 32. Rhe1 f5 33. gxf6 Nxf6
34. d6 Ra7 35. Kc1 Ne8 36. Re7 Rc8+ 37. Kb1 Rxe7 38. dxe7 Kf7 39. Rd3 Rc4 40.
Rh3 Nf6 41. h5 Re4 42. h6 Nd5 43. Rf3+ Kg6 44. hxg7 Kxg7 45. Rxb3 Nxb4 46. Rxb4
Rxb4 1-0

[Event "2. Solinger Karnevalsopen"]
[Site "Solingen"]
[Date "2011.03.05"]
[Round "3.23"]
[White "Herzum, Peter"]
[Black "Schloeffel, Christian"]
[Result "0-1"]
[WhiteElo "1327"]
[BlackElo "1914"]
[PlyCount "62"]
[EventDate "2011.??.??"]

1. e4 e5 2. Nf3 Nc6 3. Bb5 a6 4. Ba4 Nf6 5. d4 b5 6. Bb3 Nxd4 7. Nxd4 exd4 8.
e5 Bb4+ 9. c3 dxc3 10. bxc3 Ba5 11. exf6 Qxf6 12. Qe2+ Kd8 13. O-O Re8 14. Qf3
Qxf3 15. gxf3 Bb7 16. Bxf7 Re2 17. Bg5+ Kc8 18. Kg2 Re5 19. Bd2 Rf5 20. Bg8
Bxf3+ 21. Kg3 Kb7 22. Bxh7 g6 23. c4 b4 24. Bf4 Bh5 25. Nd2 Rh8 26. Bxg6 Rg8
27. Be3 Rxg6+ 28. Kh4 Rg4+ 29. Kh3 b3 30. f3 Rg6 31. Nxb3 Bxf3 0-1

[Event "2. Solinger Karnevalsopen"]
[Site "Solingen"]
[Date "2011.03.05"]
[Round "3.24"]
[White "Hobusch, Jan"]
[Black "Eick, Holger"]
[Result "1-0"]
[WhiteElo "1892"]
[BlackElo "1058"]
[PlyCount "41"]
[EventDate "2011.??.??"]

1. e4 e5 2. Nf3 Nc6 3. Bb5 d6 4. d4 exd4 5. Nxd4 Bd7 6. O-O Nf6 7. Nc3 g6 8.
Re1 Bg7 9. Bxc6 bxc6 10. e5 Nd5 11. exd6+ Kf8 12. Nxd5 cxd5 13. dxc7 Qxc7 14.
Nb3 Bc6 15. c3 h5 16. Be3 Bh6 17. Qd4 Kg8 18. Bxh6 Rxh6 19. Qf6 Kf8 20. Nd4 Qb7
21. Ne6+ 1-0

[Event "2. Solinger Karnevalsopen"]
[Site "Solingen"]
[Date "2011.03.05"]
[Round "3.25"]
[White "Shishkov, Mark"]
[Black "Reinhardt, Klaus"]
[Result "1/2-1/2"]
[WhiteElo "1603"]
[BlackElo "1861"]
[PlyCount "75"]
[EventDate "2011.??.??"]

1. d4 d5 2. c4 e6 3. Nf3 Nf6 4. g3 c6 5. Qc2 Bd6 6. Bg2 O-O 7. O-O Nbd7 8. Nc3
dxc4 9. e4 e5 10. d5 cxd5 11. exd5 a6 12. Qa4 Nb6 13. Qc2 Bd7 14. Bg5 h6 15.
Bxf6 Qxf6 16. Ne4 Qe7 17. Nxd6 Qxd6 18. Rfe1 Rfe8 19. Nd2 f5 20. Rac1 Rac8 21.
Nb1 e4 22. g4 Qxd5 23. Rcd1 Qf7 24. gxf5 Bxf5 25. Nc3 e3 26. Qe2 Bd3 27. Qf3
Qxf3 28. Bxf3 exf2+ 29. Kxf2 Rxe1 30. Rxe1 Rc7 31. Re8+ Kf7 32. Rb8 Re7 33.
Rxb7 Rxb7 34. Bxb7 a5 35. Ke3 Kf6 36. Ne4+ Ke5 37. Nd2 Nd5+ 38. Kf2 1/2-1/2

[Event "2. Solinger Karnevalsopen"]
[Site "Solingen"]
[Date "2011.03.05"]
[Round "3.26"]
[White "Westermann, Walter"]
[Black "Nguyen, Philipp"]
[Result "1-0"]
[WhiteElo "1861"]
[BlackElo "947"]
[PlyCount "39"]
[EventDate "2011.??.??"]

1. e4 c5 2. c3 Nc6 3. d4 cxd4 4. cxd4 e6 5. Nf3 Be7 6. Nc3 d6 7. Be2 Bd7 8. O-O
b6 9. Be3 Nf6 10. h3 O-O 11. Rc1 Ne8 12. Qd2 h6 13. Rfd1 f5 14. e5 f4 15. Bxf4
Qc7 16. Bd3 dxe5 17. dxe5 Nb4 18. Bg6 Rd8 19. Nd5 exd5 20. Rxc7 1-0

[Event "2. Solinger Karnevalsopen"]
[Site "Solingen"]
[Date "2011.03.05"]
[Round "3.27"]
[White "Gordeeva, Vitalia"]
[Black "Maczkowiak, Thomas"]
[Result "1/2-1/2"]
[WhiteElo "1691"]
[BlackElo "1932"]
[PlyCount "46"]
[EventDate "2011.??.??"]

1. d4 Nf6 2. Nf3 d5 3. e3 Bf5 4. Be2 e6 5. O-O Be7 6. b3 O-O 7. Bb2 Nbd7 8. Ne5
Ne8 9. f4 f6 10. Nf3 Bg4 11. c4 c6 12. Qc2 Bd6 13. Bd3 h6 14. Bg6 Bxf3 15. Rxf3
f5 16. c5 Bc7 17. Rf1 Nef6 18. Nd2 Ng4 19. Rf3 Qh4 20. Nf1 Qf6 21. Bh5 Qh4 22.
Bg6 Qf6 23. Bh5 Qh4 1/2-1/2

[Event "2. Solinger Karnevalsopen"]
[Site "Solingen"]
[Date "2011.03.05"]
[Round "3.28"]
[White "Hollender, Christoph"]
[Black "Junker, Stefan"]
[Result "1-0"]
[WhiteElo "1832"]
[BlackElo "1831"]
[PlyCount "55"]
[EventDate "2011.??.??"]

1. d4 c6 2. c4 d5 3. e3 Nf6 4. Nc3 e6 5. Nf3 Bd6 6. Bd3 O-O 7. O-O Nbd7 8. cxd5
exd5 9. e4 dxe4 10. Nxe4 Nxe4 11. Bxe4 Nf6 12. Bg5 h6 13. Bxf6 Qxf6 14. Qd3 Bg4
15. Rae1 Rad8 16. Qc3 Qf4 17. g3 Qf6 18. Ne5 Be6 19. a3 Qe7 20. Re3 Qc7 21. Nf3
Be7 22. Rfe1 Bf6 23. Bb1 Qb6 24. Qc2 g6 25. Rxe6 fxe6 26. Qxg6+ Bg7 27. Qh7+
Kf7 28. Ne5+ 1-0

[Event "2. Solinger Karnevalsopen"]
[Site "Solingen"]
[Date "2011.03.05"]
[Round "3.29"]
[White "Mager, Denis"]
[Black "Brinkmann, Katharina"]
[Result "1-0"]
[WhiteElo "1732"]
[BlackElo "1438"]
[PlyCount "71"]
[EventDate "2011.??.??"]

1. d4 e6 2. c4 d5 3. e3 Nf6 4. Nc3 Bd6 5. Nf3 Nbd7 6. Be2 c6 7. O-O O-O 8. Qc2
e5 9. cxd5 cxd5 10. dxe5 Nxe5 11. Rd1 Be6 12. e4 Rc8 13. Bg5 Nxf3+ 14. Bxf3 Qc7
15. h3 Nxe4 16. Bxe4 dxe4 17. Qxe4 Qb6 18. Rd2 Qa5 19. Rxd6 Qxg5 20. h4 Qe7 21.
Rad1 Rc4 22. R6d4 Rxd4 23. Rxd4 Qc5 24. Rd1 g6 25. Qxb7 Bc8 26. Qe4 Qb6 27. Rd2
Bb7 28. Qe5 Qc6 29. f3 Re8 30. Qg3 Qb6+ 31. Kh2 Qf6 32. Nb5 Re5 33. Nd6 Ba6 34.
Ne4 Qe7 35. Qf4 Rh5 36. Nf6+ 1-0

[Event "2. Solinger Karnevalsopen"]
[Site "Solingen"]
[Date "2011.03.05"]
[Round "3.30"]
[White "Vranidis, Athanassios"]
[Black "Krenz, Tomas"]
[Result "1/2-1/2"]
[WhiteElo "1748"]
[BlackElo "1715"]
[PlyCount "40"]
[EventDate "2011.??.??"]

1. d4 Nf6 2. c4 c5 3. Nf3 cxd4 4. Nxd4 e6 5. Nc3 Bb4 6. Qc2 h6 7. a3 Bxc3+ 8.
Qxc3 Nc6 9. f3 Nxd4 10. Qxd4 d5 11. cxd5 Qxd5 12. Qxd5 Nxd5 13. e4 Nf6 14. Be3
O-O 15. Bc4 Bd7 16. O-O Bc6 17. Rfd1 Rfd8 18. Kf2 a6 19. Bb6 Rxd1 20. Rxd1 Nd7
1/2-1/2

[Event "2. Solinger Karnevalsopen"]
[Site "Solingen"]
[Date "2011.03.05"]
[Round "3.31"]
[White "Reinacher, Detlev"]
[Black "Wolf, Wieland"]
[Result "1-0"]
[WhiteElo "1697"]
[BlackElo "1400"]
[PlyCount "49"]
[EventDate "2011.??.??"]

1. Nf3 d5 2. g3 g6 3. Bg2 Bg7 4. d3 e6 5. c3 Ne7 6. Nbd2 O-O 7. a3 b6 8. Qc2
Bb7 9. O-O c5 10. b4 Nd7 11. Bb2 Rc8 12. b5 e5 13. c4 d4 14. Nb3 Nf5 15. a4 Re8
16. Nfd2 Bxg2 17. Kxg2 Qg5 18. Nf3 Qh6 19. a5 Nf6 20. Bc1 Qh5 21. Nbd2 Ng4 22.
Ne4 Bh6 23. h3 Bxc1 24. hxg4 Qh6 25. Raxc1 1-0

[Event "2. Solinger Karnevalsopen"]
[Site "Solingen"]
[Date "2011.03.05"]
[Round "3.32"]
[White "Falge, Rainer"]
[Black "Vovchik, Vladimir"]
[Result "0-1"]
[WhiteElo "1536"]
[BlackElo "1769"]
[PlyCount "72"]
[EventDate "2011.??.??"]

1. e4 e5 2. Bc4 Nf6 3. d3 d6 4. f4 Bg4 5. Nf3 exf4 6. Bxf4 Nbd7 7. Nc3 c6 8.
Qd2 h6 9. O-O Nh5 10. Rae1 b5 11. Bb3 Be7 12. Ne2 g5 13. Be3 Qc7 14. Bxf7+ Kd8
15. Nfd4 Ng7 16. Qc3 Ne5 17. Ng3 Bd7 18. Ngf5 Bf6 19. Kh1 c5 20. Nxg7 Bxg7 21.
Ne6+ Bxe6 22. Bxe6 Nf3 23. d4 Nxe1 24. Rf7 Rf8 25. Rxc7 Rf1+ 26. Bg1 Bxd4 27.
Qxd4 cxd4 28. Rh7 Rb8 29. h3 Nxc2 30. Kh2 Rf6 31. Bb3 d3 32. Bxa7 Rc8 33. Bb6+
Ke8 34. a4 d5 35. a5 d2 36. Rh8+ Rf8 0-1

[Event "2. Solinger Karnevalsopen"]
[Site "Solingen"]
[Date "2011.03.05"]
[Round "3.33"]
[White "Fraenzel, Marius"]
[Black "Sloka, Andreas"]
[Result "1-0"]
[WhiteElo "1644"]
[BlackElo "1755"]
[PlyCount "49"]
[EventDate "2011.??.??"]

1. e4 c5 2. c3 d5 3. exd5 Qxd5 4. d4 cxd4 5. cxd4 Nf6 6. Nf3 e6 7. Nc3 Qd8 8.
Bb5+ Bd7 9. Qe2 Bxb5 10. Qxb5+ Qd7 11. Bf4 Qxb5 12. Nxb5 Bb4+ 13. Ke2 Nd5 14.
Bd6 Kd7 15. Ne5+ Kc8 16. Rhc1+ Nc6 17. Nxc6 bxc6 18. Rxc6+ Kb7 19. Rac1 Ba5 20.
Be5 Nc3+ 21. R1xc3 Bxc3 22. Rc7+ Kb6 23. Nxc3 f6 24. Bf4 Rae8 25. Rxg7 1-0

[Event "2. Solinger Karnevalsopen"]
[Site "Solingen"]
[Date "2011.03.05"]
[Round "3.34"]
[White "Rist, Kurt"]
[Black "Yilmaz, Ahmet"]
[Result "0-1"]
[WhiteElo "1670"]
[BlackElo "1874"]
[PlyCount "116"]
[EventDate "2011.??.??"]

1. e4 e5 2. Nf3 Nc6 3. Bc4 Nf6 4. Qe2 Be7 5. Nc3 d6 6. h3 h6 7. a3 a6 8. O-O
O-O 9. Ba2 Be6 10. Nd5 Re8 11. Re1 Bf8 12. d3 Nb8 13. Be3 Nbd7 14. c4 c5 15. b4
Bxd5 16. cxd5 b6 17. Nd2 g6 18. g4 h5 19. Bg5 Be7 20. Be3 a5 21. bxc5 Nxc5 22.
a4 Nxa4 23. Qf3 hxg4 24. hxg4 Qd7 25. g5 Nh5 26. d4 exd4 27. Bxd4 Bxg5 28. Be3
Bxe3 29. Rxe3 Nc5 30. Kg2 Qe7 31. Rae1 Qf6 32. Nc4 Qxf3+ 33. Kxf3 Red8 34. e5
dxe5 35. Nxe5 Nd7 36. Nc6 Rf8 37. d6 Ng7 38. Rg1 Kh7 39. Re7 Nc5 40. Ne5 Rad8
41. d7 Nf5 42. Nxf7 Nxe7 43. Ke2 Rxd7 44. Rh1+ Kg7 45. Ng5 Rxf2+ 46. Kxf2 Rd2+
47. Ke3 Rxa2 48. Rh7+ Kf6 49. Nf3 Nf5+ 50. Kf4 Ra4+ 51. Nd4 Rxd4+ 52. Kf3 a4
53. Rh8 a3 54. Rh2 Rd3+ 55. Ke2 a2 56. Rh1 Nd4+ 57. Kf2 Ne4+ 58. Kg2 Rg3+ 0-1

[Event "2. Solinger Karnevalsopen"]
[Site "Solingen"]
[Date "2011.03.05"]
[Round "3.35"]
[White "Tanz, Manfred"]
[Black "Reksten, Daniel"]
[Result "0-1"]
[WhiteElo "1646"]
[BlackElo "1761"]
[PlyCount "70"]
[EventDate "2011.??.??"]

1. d4 d5 2. c4 e6 3. g3 Nf6 4. Nf3 Be7 5. Bg2 b6 6. O-O O-O 7. cxd5 Nxd5 8. e3
Bb7 9. a3 Nd7 10. Nbd2 c5 11. Nb3 Rc8 12. e4 N5f6 13. e5 Nd5 14. Re1 c4 15.
Nbd2 b5 16. Ne4 Qb6 17. Qc2 h6 18. h4 a5 19. Nc3 b4 20. Nxd5 Bxd5 21. axb4 axb4
22. Bd2 Bxf3 23. Bxf3 Qxd4 24. Rad1 Nxe5 25. Be4 Nd3 26. Re2 Nxb2 27. Rde1 Nd3
28. Rd1 Rfd8 29. Re3 Nxf2 30. Kxf2 c3 31. Bh7+ Kh8 32. Ke2 cxd2 33. Qb1 Rc1 34.
Rd3 Qg4+ 35. Kxd2 Qxd1+ 0-1

[Event "2. Solinger Karnevalsopen"]
[Site "Solingen"]
[Date "2011.03.05"]
[Round "3.36"]
[White "Masalsky, Boris"]
[Black "Stahnecker, Thomas"]
[Result "1/2-1/2"]
[WhiteElo "1424"]
[BlackElo "1527"]
[PlyCount "51"]
[EventDate "2011.??.??"]

1. e4 c5 2. Nf3 e6 3. d4 cxd4 4. Nxd4 Nf6 5. f3 Qb6 6. Nb3 Nc6 7. Nc3 Be7 8.
Bd3 O-O 9. Qe2 a6 10. Be3 Qc7 11. O-O Ne5 12. Rad1 Nxd3 13. Rxd3 b5 14. a3 Bb7
15. Rfd1 Rfd8 16. Qf2 Qc8 17. Bb6 Rf8 18. Na5 Bc6 19. Nxc6 dxc6 20. Bc5 Qc7 21.
Bb6 Qb7 22. Bc5 Rfd8 23. Rxd8+ Rxd8 24. Rxd8+ Bxd8 25. Qd4 Qd7 26. Ne2 1/2-1/2

[Event "2. Solinger Karnevalsopen"]
[Site "Solingen"]
[Date "2011.03.05"]
[Round "3.37"]
[White "Schlepuetz, Volker"]
[Black "Reksten, Anne"]
[Result "0-1"]
[WhiteElo "1395"]
[BlackElo "1358"]
[PlyCount "100"]
[EventDate "2011.??.??"]

1. d4 d5 2. Nf3 Nf6 3. Bf4 e6 4. e3 a6 5. Nbd2 c5 6. c3 Nc6 7. Bd3 Be7 8. Ne5
Nxe5 9. dxe5 Nd7 10. h3 O-O 11. h4 Re8 12. Qh5 Nf8 13. g4 b5 14. g5 c4 15. Bc2
b4 16. Rg1 a5 17. Bxh7+ Nxh7 18. g6 fxg6 19. Qxg6 Bf8 20. Nf3 Qe7 21. Ng5 Nxg5
22. hxg5 Qf7 23. Qxf7+ Kxf7 24. g6+ Ke7 25. Rh1 Rb8 26. Rh8 bxc3 27. Bg5+ Kd7
28. bxc3 Rb2 29. e4 Bb7 30. exd5 Bxd5 31. Be3 Be4 32. Rh4 Bd3 33. Rf4 Kc6 34.
Rf7 Rb7 35. Rxb7 Kxb7 36. Kd2 Bxg6 37. Rg1 Rd8+ 38. Bd4 Bd3 39. f4 g6 40. Rh1
Kc6 41. a4 Bc5 42. Ke3 Bxd4+ 43. cxd4 Kd5 44. Rh7 Kc6 45. Ra7 Kb6 46. Rh7 Bf5
47. Rh2 c3 48. Ra2 Rc8 49. Ra3 c2 50. Rb3+ Ka6 0-1

[Event "2. Solinger Karnevalsopen"]
[Site "Solingen"]
[Date "2011.03.06"]
[Round "4.1"]
[White "Meijers, Viesturs"]
[Black "Nagel, Bernhard"]
[Result "1/2-1/2"]
[WhiteElo "2493"]
[BlackElo "2264"]
[PlyCount "101"]
[EventDate "2011.??.??"]

1. d4 d5 2. Nf3 Nf6 3. e3 c6 4. b3 Bg4 5. Be2 Bxf3 6. Bxf3 Nbd7 7. Bb2 e6 8.
O-O Qa5 9. c4 Rd8 10. Qc2 Bd6 11. a3 O-O 12. Rc1 Rc8 13. g3 Qd8 14. Nd2 Re8 15.
b4 g6 16. Qb3 Bf8 17. a4 h5 18. h4 Bg7 19. a5 a6 20. b5 cxb5 21. cxb5 Rxc1+ 22.
Bxc1 Qc7 23. Bb2 axb5 24. Be2 Ra8 25. Qxb5 Nf8 26. Bd3 Bh6 27. Kg2 Ng4 28. Nb3
g5 29. hxg5 Bxg5 30. Rh1 h4 31. gxh4 Bh6 32. Be2 f5 33. Bxg4 fxg4 34. Qe2 Nh7
35. Nc5 Nf6 36. Qd3 Qf7 37. Kg1 Nh5 38. Rh2 Rf8 39. Rg2 Kh8 40. Qe2 g3 41. fxg3
Qf5 42. e4 Qg6 43. Qd3 Qg4 44. exd5 Rf3 45. Qb5 Be3+ 46. Kh2 Nf4 47. Qe8+ Kh7
48. Qe7+ Kh8 49. Qf8+ Kh7 50. Qf7+ Kh8 51. Qf8+ 1/2-1/2

[Event "2. Solinger Karnevalsopen"]
[Site "Solingen"]
[Date "2011.03.06"]
[Round "4.2"]
[White "Harff, Marcel"]
[Black "Mladenov, Svetlin"]
[Result "0-1"]
[WhiteElo "2203"]
[BlackElo "2440"]
[PlyCount "66"]
[EventDate "2011.??.??"]

1. c4 c5 2. g3 Nc6 3. Bg2 g6 4. Nc3 Bg7 5. b3 d6 6. Bb2 e5 7. e3 Nge7 8. a3 Be6
9. Nd5 Rb8 10. Ne2 b5 11. Rb1 O-O 12. O-O Qd7 13. d3 Bh3 14. f4 Bxg2 15. Kxg2
bxc4 16. bxc4 Rb7 17. Qc2 Rfb8 18. Bc3 h5 19. h3 a6 20. Rfd1 Nxd5 21. cxd5 Na7
22. fxe5 dxe5 23. e4 Nb5 24. Be1 Nxa3 25. Rxb7 Qxb7 26. Qxc5 Qb3 27. Rd2 Bh6
28. Nc1 Qb1 29. Kf3 Bxd2 30. Bxd2 Qc2 31. Qxc2 Nxc2 32. Bc3 f6 33. g4 Rb1 0-1

[Event "2. Solinger Karnevalsopen"]
[Site "Solingen"]
[Date "2011.03.06"]
[Round "4.3"]
[White "Helbig, Mark"]
[Black "Richter, Gerald"]
[Result "1/2-1/2"]
[WhiteElo "2346"]
[BlackElo "2131"]
[PlyCount "108"]
[EventDate "2011.??.??"]

1. d4 Nf6 2. c4 e6 3. Nf3 b6 4. g3 Ba6 5. b3 Bb4+ 6. Bd2 Be7 7. Nc3 Bb7 8. Bg2
Ne4 9. O-O c5 10. d5 exd5 11. cxd5 Nxd2 12. Nxd2 d6 13. Nc4 a6 14. a4 Nd7 15.
f4 O-O 16. Qd3 Re8 17. e4 Qb8 18. Rae1 Bf6 19. Kh1 b5 20. Na5 Bxc3 21. Qxc3 f6
22. Qf3 Qc7 23. Nxb7 Qxb7 24. Bh3 Rad8 25. axb5 axb5 26. Rg1 Nf8 27. g4 g5 28.
Bf1 Ng6 29. fxg5 fxg5 30. Qf6 Qe7 31. Qxe7 Rxe7 32. Bxb5 Rb8 33. Bc4 Ne5 34.
Rgf1 Nxg4 35. Rf5 h6 36. h4 gxh4 37. Rg1 Rg7 38. Rf4 h5 39. Rf5 Ra8 40. b4 cxb4
41. Rxh5 Nf2+ 42. Kh2 Rxg1 43. Kxg1 Nxe4 44. Rxh4 Nd2 45. Rg4+ Kf7 46. Bd3 Rb8
47. Kf2 Nb3 48. Rf4+ Ke7 49. Ke3 Nc5 50. Bg6 Rg8 51. Rf7+ Kd8 52. Rf6 Kc7 53.
Rf7+ Kb6 54. Rf6 Kc7 1/2-1/2

[Event "2. Solinger Karnevalsopen"]
[Site "Solingen"]
[Date "2011.03.06"]
[Round "4.4"]
[White "Peters, Alex"]
[Black "Philippe, Denis-Emmanuel"]
[Result "0-1"]
[WhiteElo "2211"]
[BlackElo "2099"]
[PlyCount "66"]
[EventDate "2011.??.??"]

1. b3 d5 2. Bb2 Nf6 3. e3 Bg4 4. Be2 Bxe2 5. Qxe2 Nbd7 6. f4 e6 7. Nf3 Bd6 8.
d3 c6 9. Ne5 Qa5+ 10. Nd2 Bb4 11. Nxd7 Nxd7 12. a3 Bxd2+ 13. Qxd2 Qxd2+ 14.
Kxd2 f6 15. g4 O-O-O 16. Rhg1 h6 17. h4 Rdf8 18. Raf1 e5 19. fxe5 fxe5 20. Ke2
Kc7 21. Rf5 Kd6 22. e4 Ke6 23. h5 Rf7 24. a4 d4 25. c3 c5 26. cxd4 exd4 27. b4
b6 28. Kd2 Ne5 29. bxc5 Nf3+ 30. Rxf3 Rxf3 31. Ke2 Re3+ 32. Kd2 bxc5 33. Rc1
Rf8 0-1